El Movimiento sindical como manifestación de la lucha de clases
Estudia el desarrollo del sindicalismo guatemalteco como producto de la lucha de clases - Hace un enfoque teórico, a nivel político, económico e ideológico, de las principales luchas del sindicalismo. Divide el estudio en tres periodos principales, el primero coincide con las dictaduras de Estrada C...
Uloženo v:
| Hlavní autor: | |
|---|---|
| Médium: | Text |
| Vydáno: |
Guatemala:
Universidad de San Carlos
|
| Tagy: |
Přidat tag
Žádné tagy, Buďte první, kdo vytvoří štítek k tomuto záznamu!
|
MARC
| LEADER | 00000 a a2200000 04500 | ||
|---|---|---|---|
| 001 | 20696 | ||
| 003 | |||
| 040 | |||
| 090 | |a 087800 | ||
| 100 | |a Navas Alvarez, María Guadalupe | ||
| 245 | |a El Movimiento sindical como manifestación de la lucha de clases | ||
| 260 | |a Guatemala: |b Universidad de San Carlos | ||
| 300 | |a 144 p. | ||
| 520 | |a Estudia el desarrollo del sindicalismo guatemalteco como producto de la lucha de clases - Hace un enfoque teórico, a nivel político, económico e ideológico, de las principales luchas del sindicalismo. Divide el estudio en tres periodos principales, el primero coincide con las dictaduras de Estrada Cabrera y de Ubico, el segundo se abre con el periodo revolucionario que va de 1994, y el tercero se desarrolla entre 1954 y 1975. Examina la represión a que ha estado sometido el movimiento sindical, lo que ha dado origen a la intensificación del trabajo de base entre la clase trabajadora | ||
| 999 | |c 17753 |d 17753 | ||
